00500 2200193 4500001002100000005001500021008004100036020001600077035001900093041000700112082000800119090001400127100001800141700001500159245003200174260004000206300003200246650002800278INLIS00000000000321720241224112700241224||||||||| | ||| |||| || |  a979517530-0 0010-1224003217 aid0 a927 a927 IWA p0 aIwan Setiawan0 aAdi Asmara00aPerjalan Musik Legendaris 2 aSurakartabWidya Duta Grafikac2007 avi, 98 hlm. : ilus. ; 21 cm 0aIlmu Sejarah & Biografi